British Punk Bands 1970's - Photo Quiz - Statistics

General Stats
  • This quiz has been taken 49 times
  • The average score is 11 of 20
Answer Stats
Picture Answer % Correct
Sex Pistols
98%
Jam
89%
Clash
85%
Siouxsie and the Banshees
83%
Generation X
76%
Buzzcocks
74%
Damned
74%
X Ray Spex
72%
Stranglers
59%
Undertones
59%
Rezillos
43%
Stiff Little Fingers
41%
Skids
39%
Fall
33%
UK Subs
30%
Penetration
28%
Ruts
28%
Angelic Upstarts
22%
Members
20%
Chelsea
15%
No matching quizzes found
Score Distribution
Percent of People with Each Score
Percentile by Number Answered
Your Score History
You have not taken this quiz